000 00398pab a2200169 454500
008 180718b1997 xxu||||| |||| 00| 0 eng d
100 _aMishra, Sanjay K.
245 _aApathetic to farm labourers
260 _c1997
300 _ap.9
362 _a7 Apr
650 _aAgricultural labour
650 _aLabour - India
650 _aAgricultural workers
773 _aPioneer
909 _a34976
999 _c34976
_d34976